[Event "World op 23rd"]
[Site "Philadelphia"]
[Date "1995.??.??"]
[Round "5"]
[White "Gunnarsson, Arinbjorn"]
[Black "Miletic, Jovan"]
[Result "0-1"]
[WhiteElo "2135"]
[BlackElo "2250"]
[PlyCount "64"]
[EventDate "1995.06.??"]
[EventType "swiss"]
[EventRounds "9"]
[EventCountry "USA"]
[SourceTitle "EXT 2000"]
[Source "ChessBase"]
[SourceDate "1999.11.16"]
[SourceVersion "1"]
[SourceVersionDate "1999.11.16"]
[SourceQuality "1"]

1. c4 e6 2. Nf3 f5 3. b3 Nf6 4. Bb2 d6 5. g3 Be7 6. Bg2 0-0 7. 0-0 Qe8 8. d4 Qh5 9. Nc3 Nc6 10. d5 Nd8 11. Nb5 Ne8 12. dxe6 Nxe6 13. e3 c6 14. Nc3 Qh6 15. e4 f4 16. e5 dxe5 17. Nxe5 fxg3 18. hxg3 Ng5 19. Qe2 Nf6 20. f4 Bc5+ 21. Rf2 Nh3+ 22. Bxh3 Qxh3 23. Qf3 Ng4 24. Nxg4 Bxg4 25. Qg2 Qxg2+ 26. Kxg2 Bxf2 27. Kxf2 Rae8 28. Re1 Rxe1 29. Kxe1 Rd8 30. Ne4 Rd1+ 31. Kf2 Bf5 32. Ke2 Rb1 0-1